[Event "44th Chess Olympiad Women 2022"]
[Site "Chennai"]
[Date "2022.08.01"]
[Round "4.5"]
[White "Gajcin, Marina"]
[Black "Navrotescu, Andreea"]
[Result "0-1"]
[WhiteElo "2271"]
[BlackElo "2373"]
[Annotator "RC"]
[PlyCount "132"]
[EventDate "2022.07.29"]
[EventType "team-tourn"]
[EventCountry "IND"]
[SourceTitle "playchess.com"]
[Source "ChessBase"]
[SourceQuality "1"]
[WhiteTeam "Serbia"]
[BlackTeam "France"]
[WhiteTeamCountry "SRB"]
[BlackTeamCountry "FRA"]

1. e4 e5 2. Nf3 Nc6 3. Bc4 Bc5 4. c3 Nf6 5. d3 O-O 6. O-O d5 7. exd5 Nxd5 8.
Nbd2 Nb6 9. b4 Be7 10. Re1 Bf6 11. Ne4 Nxc4 12. dxc4 Bg4 13. Be3 Qxd1 14. Raxd1
b6 15. h3 Be6 16. Nxf6+ gxf6 17. Bh6 Rfd8 18. Nd2 Kh8 19. Ne4 Rg8 20. Kh2 Rg6
21. Bc1 Bxc4 22. Rd7 Rc8 23. b5 Nb8 24. Re7 Bxa2 25. h4 h5 26. f4 f5 27. Ng5 f6
28. Ne6 Nd7 29. Rxd7 Bxe6 30. Re7 Bd5 31. Re2 Rcg8 32. fxe5 Rxg2+ 33. Rxg2
Rxg2+ 34. Kh3 Rc2 35. Bh6 Rxc3+ 36. Kh2 fxe5 37. Bg7+ Kg8 38. Bxe5 Re3 39. Rg7+
Kf8 40. Bf6 Re6 41. Bc3 f4 42. Rxc7 Re2+ 43. Kg1 f3 44. Bd4 Re4 45. Bf2 Rg4+
46. Kh1 Rg2 47. Rc2 Kf7 48. Rd2 Ke6 49. Rc2 Kf5 50. Rd2 Bc4 51. Rd4 Rxf2 52.
Rxc4 Rb2 53. Kg1 Rxb5 54. Kf2 Rb3 55. Kg3 a5 56. Rf4+ Ke5 57. Rf8 a4 58. Rh8 a3
59. Rxh5+ Ke4 60. Rh8 Rb5 61. Re8+ Re5 62. Ra8 Ra5 63. Re8+ Kd3 64. Re1 a2 65.
Ra1 Ke2 66. h5 f2 0-1

[Event "44th Chess Olympiad Women 2022"]
[Site "Chennai"]
[Date "2022.08.01"]
[Round "4.6"]
[White "Efroimski, Marsel"]
[Black "Mammadzada, Gunay"]
[Result "1/2-1/2"]
[WhiteElo "2456"]
[BlackElo "2455"]
[Annotator "RC"]
[PlyCount "88"]
[EventDate "2022.07.29"]
[EventType "team-tourn"]
[EventCountry "IND"]
[SourceTitle "playchess.com"]
[Source "ChessBase"]
[SourceQuality "1"]
[WhiteTeam "Israel"]
[BlackTeam "Azerbaijan"]
[WhiteTeamCountry "ISR"]
[BlackTeamCountry "AZE"]

1. e4 c5 2. Nf3 d6 3. Bb5+ Bd7 4. Bxd7+ Nxd7 5. O-O Ngf6 6. Qe2 e6 7. d4 cxd4
8. Nxd4 Rc8 9. c4 Qa5 10. b3 Qe5 11. Bb2 Qxe4 12. Qd2 a6 13. Nc3 Qg4 14. h3 Qh5
15. Nce2 Be7 16. Rfe1 O-O 17. Ng3 Qg6 18. Ndf5 exf5 19. Rxe7 Nc5 20. Rd1 Nfe4
21. Qf4 Nxg3 22. Rxd6 Rcd8 23. Rxd8 Rxd8 24. Qd4 Rf8 25. Qxc5 f4 26. Re1 Ne4
27. Qe5 Ng5 28. Kh2 Ne6 29. Bc1 Qc2 30. Qe2 Qxe2 31. Rxe2 Rd8 32. h4 h5 33. Re4
f3 34. gxf3 Rd1 35. Be3 Ra1 36. b4 Rxa2 37. b5 Rb2 38. bxa6 bxa6 39. c5 Rc2 40.
Ra4 Nxc5 41. Bxc5 Rxc5 42. Rxa6 f6 43. Kg3 Kh7 44. Rb6 Kg6 1/2-1/2

[Event "44th Chess Olympiad Women 2022"]
[Site "Chennai"]
[Date "2022.08.01"]
[Round "4.6"]
[White "Fataliyeva, Ulviyya"]
[Black "Lahav, Michal"]
[Result "1-0"]
[WhiteElo "2372"]
[BlackElo "2191"]
[Annotator "RC"]
[PlyCount "141"]
[EventDate "2022.07.29"]
[EventType "team-tourn"]
[EventCountry "IND"]
[SourceTitle "playchess.com"]
[Source "ChessBase"]
[SourceQuality "1"]
[WhiteTeam "Azerbaijan"]
[BlackTeam "Israel"]
[WhiteTeamCountry "AZE"]
[BlackTeamCountry "ISR"]

1. d4 Nf6 2. c4 c5 3. d5 e6 4. g3 exd5 5. cxd5 d6 6. Bg2 g6 7. Nc3 Bg7 8. Nf3
O-O 9. O-O Re8 10. Bf4 Ne4 11. Nxe4 Rxe4 12. Nd2 Rxf4 13. gxf4 Bxb2 14. Rb1 Bg7
15. Nc4 b6 16. Qa4 Ba6 17. Rfd1 Bxc4 18. Qxc4 Nd7 19. Qa6 Nf6 20. a4 Ne8 21.
Rb3 f5 22. Qc4 Nc7 23. e3 Rb8 24. Rdb1 Kh8 25. Bf3 Bf6 26. Qf1 Qe8 27. Qc4 Kg7
28. e4 fxe4 29. Bxe4 Bd4 30. Re1 Qf7 31. Rd3 Re8 32. Kf1 Re7 33. Rf3 Ne8 34. f5
Nf6 35. fxg6 hxg6 36. Bc2 Rxe1+ 37. Kxe1 Qxd5 38. Qd3 Qh5 39. Rh3 Qg5 40. Rg3
Ng4 41. f4 Qh5 42. Rg2 a6 43. h3 Nf6 44. Rxg6+ Kf7 45. Qg3 Qd5 46. Rg7+ Kf8 47.
Ra7 Nh5 48. Qg4 Bc3+ 49. Kf1 Qh1+ 50. Kf2 Qe1+ 51. Kg2 Qd2+ 52. Kf3 Qd5+ 53.
Be4 Qd1+ 54. Kg2 Qd2+ 55. Kh1 Qe1+ 56. Kh2 Qf2+ 57. Bg2 Qxf4+ 58. Qxf4+ Nxf4
59. Rxa6 Nxg2 60. Kxg2 Ba5 61. Ra7 d5 62. Kf3 c4 63. Rd7 c3 64. Rxd5 Ke7 65.
Rd4 Ke6 66. Ke4 Kf6 67. Kd3 Kg5 68. h4+ Kh5 69. Re4 Kg6 70. Re5 Bb4 71. Re6+
1-0

[Event "44th Chess Olympiad Women 2022"]
[Site "Chennai"]
[Date "2022.08.01"]
[Round "4.6"]
[White "Balajayeva, Khanim"]
[Black "Belenkaya, Dina"]
[Result "1-0"]
[WhiteElo "2344"]
[BlackElo "2256"]
[Annotator "RC"]
[PlyCount "135"]
[EventDate "2022.07.29"]
[EventType "team-tourn"]
[EventCountry "IND"]
[SourceTitle "playchess.com"]
[Source "ChessBase"]
[SourceQuality "1"]
[WhiteTeam "Azerbaijan"]
[BlackTeam "Israel"]
[WhiteTeamCountry "AZE"]
[BlackTeamCountry "ISR"]

1. e4 c6 2. d4 d5 3. exd5 cxd5 4. Bd3 Nc6 5. c3 Qc7 6. h3 g6 7. Ne2 Bf5 8. Bxf5
gxf5 9. Bf4 Qd7 10. Nd2 Nf6 11. Nc1 Rg8 12. Qf3 Ne4 13. Nd3 Rg6 14. O-O-O b5
15. Nb3 a5 16. Nbc5 Qc8 17. Qe3 b4 18. f3 Nd6 19. Bxd6 Rxd6 20. Rhe1 Rb8 21.
Re2 a4 22. Kd2 Na5 23. Ke1 bxc3 24. bxc3 Nc4 25. Qf4 a3 26. Kf1 Rdb6 27. Nb4
Rd6 28. Rde1 Rbb6 29. Qg5 Qd8 30. Qxf5 h6 31. Qh5 Qa8 32. Ne6 Rd7 33. Nc5 Rd8
34. Kg1 Rg6 35. h4 Rdd6 36. Qf5 Nb6 37. h5 Rg5 38. Qh7 Nd7 39. Nxd7 Rxd7 40.
Nd3 Rg7 41. Qf5 e6 42. Qf4 Rb7 43. Nf2 Qb8 44. Qc1 Rg5 45. Ng4 Be7 46. Qc2 Rxh5
47. Qh7 Qf4 48. Qh8+ Kd7 49. Re5 Rh4 50. Qa8 Kc7 51. Rxd5 Bd6 52. Qa5+ Kc8 53.
Rb5 Rxb5 54. Qxb5 Rxg4 55. Qc6+ Kd8 56. fxg4 Qh2+ 57. Kf1 Bg3 58. Rd1 Bh4 59.
Qf3 Qc7 60. Kg1 Bg5 61. Rb1 Ke8 62. Qa8+ Bd8 63. Rb8 Qd6 64. Qa4+ Ke7 65. Qb4
Bc7 66. Qxd6+ Bxd6 67. Rb5 Bf4 68. Kf2 1-0

[Event "44th Chess Olympiad Women 2022"]
[Site "Chennai"]
[Date "2022.08.01"]
[Round "4.6"]
[White "Klinova, Masha"]
[Black "Beydullayeva, Govhar"]
[Result "1/2-1/2"]
[WhiteElo "2251"]
[BlackElo "2390"]
[Annotator "RC"]
[PlyCount "67"]
[EventDate "2022.07.29"]
[EventType "team-tourn"]
[EventCountry "IND"]
[SourceTitle "playchess.com"]
[Source "ChessBase"]
[SourceQuality "1"]
[WhiteTeam "Israel"]
[BlackTeam "Azerbaijan"]
[WhiteTeamCountry "ISR"]
[BlackTeamCountry "AZE"]

1. e4 c5 2. Nf3 d6 3. Bb5+ Bd7 4. Bxd7+ Nxd7 5. O-O Ngf6 6. Qe2 e6 7. b3 Be7 8.
Bb2 O-O 9. c4 Re8 10. Nc3 Ne5 11. Rfd1 Qb6 12. Na4 Nxf3+ 13. Qxf3 Qc6 14. Nc3
Nd7 15. d4 cxd4 16. Rxd4 Bf6 17. Rd2 Be5 18. Re1 Nf6 19. h3 a6 20. Nd1 Bxb2 21.
Nxb2 d5 22. exd5 exd5 23. Red1 b5 24. cxd5 Qd6 25. Nd3 Qxd5 26. Qxd5 Nxd5 27.
Rc1 b4 28. Rc4 a5 29. Rc5 Nc3 30. Rc2 Red8 31. Ne5 Rd1+ 32. Kh2 Ra1 33. Nc6 g6
34. Rxa5 1/2-1/2

[Event "44th Chess Olympiad Women 2022"]
[Site "Chennai"]
[Date "2022.08.01"]
[Round "4.7"]
[White "Bulmaga, Irina"]
[Black "Paehtz, Elisabeth"]
[Result "1/2-1/2"]
[WhiteElo "2394"]
[BlackElo "2484"]
[Annotator "RC"]
[PlyCount "161"]
[EventDate "2022.07.29"]
[EventType "team-tourn"]
[EventCountry "IND"]
[SourceTitle "playchess.com"]
[Source "ChessBase"]
[SourceQuality "1"]
[WhiteTeam "Romania"]
[BlackTeam "Germany"]
[WhiteTeamCountry "ROU"]
[BlackTeamCountry "GER"]

1. e4 c6 2. d4 d5 3. e5 Bf5 4. Nf3 e6 5. Be2 Nd7 6. O-O h6 7. Nbd2 Ne7 8. Nb3
a5 9. a4 Bh7 10. Bd2 Qb6 11. Ne1 Nf5 12. c3 Be7 13. Bd3 Bg6 14. Kh1 h5 15. Nc1
h4 16. Ne2 Bh7 17. b4 Qc7 18. bxa5 c5 19. a6 bxa6 20. Rb1 Nb8 21. a5 Nc6 22.
Qa4 c4 23. Bc2 O-O 24. Nf3 Nxa5 25. Bg5 Nb3 26. Bxb3 cxb3 27. Rxb3 Qd8 28. Bxe7
Nxe7 29. Rb7 Bd3 30. Qd1 Bb5 31. Nxh4 Nc6 32. Nf3 Na5 33. Rxb5 axb5 34. Qd2 Nc4
35. Qf4 f6 36. Qh4 Qe8 37. Nf4 fxe5 38. dxe5 Rxf4 39. Qxf4 Qg6 40. h3 Ra2 41.
Kg1 Ra3 42. Qh4 Ra8 43. Qg4 Qxg4 44. hxg4 Kf7 45. Rb1 Ra5 46. Kh2 Kg6 47. Rb3
Ra2 48. Kg3 Nd2 49. Nxd2 Rxd2 50. Rxb5 Rd3+ 51. Kh4 Rxc3 52. Rb6 Kf7 53. Rb7+
Kg6 54. Re7 Rc6 55. f4 Ra6 56. Rd7 Ra4 57. g3 Ra6 58. Rd8 Ra4 59. Rd6 Kf7 60.
Kg5 Ra3 61. Rd7+ Kf8 62. Kg6 Rxg3 63. g5 Rf3 64. Rf7+ Ke8 65. Kxg7 d4 66. Ra7
Rxf4 67. Ra6 Ke7 68. g6 d3 69. Rd6 Rf3 70. Rd4 Rg3 71. Kh7 Rh3+ 72. Kg8 Rg3 73.
Kg7 Rh3 74. Rg4 d2 75. Rd4 Rh2 76. Kg8 Rg2 77. g7 Rh2 78. Rd3 Ke8 79. Rd6 Ke7
80. Rd3 Ke8 81. Rd6 1/2-1/2

[Event "44th Chess Olympiad Women 2022"]
[Site "Chennai"]
[Date "2022.08.01"]
[Round "4.7"]
[White "Schneider, Jana"]
[Black "Lehaci, Miruna-Daria"]
[Result "1-0"]
[WhiteElo "2342"]
[BlackElo "2193"]
[Annotator "ChessBase"]
[PlyCount "113"]
[EventDate "2022.07.29"]
[EventType "team-tourn"]
[EventCountry "IND"]
[SourceTitle "playchess.com"]
[Source "ChessBase"]
[SourceQuality "1"]
[WhiteTeam "Germany"]
[BlackTeam "Romania"]
[WhiteTeamCountry "GER"]
[BlackTeamCountry "ROU"]

1. e4 e6 2. d4 d5 3. e5 c5 4. c3 Nc6 5. Nf3 Bd7 6. Be2 Nge7 7. Na3 cxd4 8. cxd4
Nf5 9. Nc2 Be7 10. O-O O-O 11. Bd3 Rc8 12. Re1 a6 13. Bd2 h6 14. Bc3 b5 15. a3
Qb6 16. Qe2 Rc7 17. Rad1 a5 18. Bd2 b4 19. axb4 axb4 20. b3 Bc8 21. Kh1 Rb7 22.
g4 Nfxd4 23. Nfxd4 Nxd4 24. Nxd4 Qxd4 25. Bxh6 Qb6 26. Be3 Qd8 27. Qf3 g6 28.
Qh3 Re8 29. f4 Bh4 30. Rf1 Be7 31. f5 exf5 32. gxf5 Bf8 33. Qg3 d4 34. Be4 Bg7
35. Rxd4 Rd7 36. Rxd7 Bxd7 37. f6 Bb5 38. Rg1 Bd3 39. Bxd3 Qxd3 40. fxg7 Qe4+
41. Rg2 Rxe5 42. Bc1 Re8 43. h3 Qb1 44. Rg1 Qe4+ 45. Qg2 Qd3 46. Bb2 Qxb3 47.
Ra1 Kh7 48. Ra6 Qd3 49. Rb6 Kg8 50. Rc6 Qd1+ 51. Kh2 Qd3 52. Rc2 Qb3 53. Re2
Rb8 54. Qe4 Qe6 55. Qxe6 fxe6 56. Rxe6 Rc8 57. Rxg6 1-0

[Event "44th Chess Olympiad Women 2022"]
[Site "Chennai"]
[Date "2022.08.01"]
[Round "4.7"]
[White "Heinemann, Josefine"]
[Black "Sandu, Mihaela"]
[Result "0-1"]
[WhiteElo "2321"]
[BlackElo "2297"]
[Annotator "RC"]
[PlyCount "41"]
[EventDate "2022.07.29"]
[EventType "team-tourn"]
[EventCountry "IND"]
[SourceTitle "playchess.com"]
[Source "ChessBase"]
[SourceQuality "1"]
[WhiteTeam "Germany"]
[BlackTeam "Romania"]
[WhiteTeamCountry "GER"]
[BlackTeamCountry "ROU"]

1. e4 e5 2. Nf3 Nc6 3. Bc4 Nf6 4. d3 Bc5 5. c3 d6 6. O-O O-O 7. Re1 a6 8. a4 h6
9. h3 Ba7 10. Nbd2 Ne7 11. Nf1 Ng6 12. Bb3 Be6 13. Bxe6 fxe6 14. Be3 Bxe3 15.
Rxe3 Nf4 16. d4 exd4 17. cxd4 Qe8 18. Kh2 Qh5 19. N3d2 Qh4 20. Rb1 N6h5 21. Nf3
0-1

[Event "44th Chess Olympiad Women 2022"]
[Site "Chennai"]
[Date "2022.08.01"]
[Round "4.7"]
[White "Ciolacu, Alessia-Mihaela"]
[Black "Klek, Hanna Marie"]
[Result "1-0"]
[WhiteElo "2163"]
[BlackElo "2366"]
[Annotator "RC"]
[PlyCount "85"]
[EventDate "2022.07.29"]
[EventType "team-tourn"]
[EventCountry "IND"]
[SourceTitle "playchess.com"]
[Source "ChessBase"]
[SourceQuality "1"]
[WhiteTeam "Romania"]
[BlackTeam "Germany"]
[WhiteTeamCountry "ROU"]
[BlackTeamCountry "GER"]

1. d4 Nf6 2. c4 e6 3. Nc3 Bb4 4. f3 c5 5. d5 d6 6. e4 b5 7. dxe6 Bxe6 8. Bf4
O-O 9. Bxd6 Re8 10. Nge2 Bxc4 11. a3 Ba5 12. Bxc5 Nfd7 13. Bf2 Qf6 14. Nd4 Ne5
15. Bxc4 bxc4 16. O-O Nbd7 17. Nd5 Qa6 18. Nf5 Nf6 19. Nfe7+ Kh8 20. Qa4 Nxd5
21. Nxd5 Re6 22. b3 Bd8 23. Qxa6 Rxa6 24. f4 Nd3 25. bxc4 Ra4 26. Rfd1 Nxf2 27.
Kxf2 Rxc4 28. Kf3 g6 29. Rac1 Ra4 30. Rd3 Kg7 31. g4 h6 32. Rb1 Bb6 33. e5 Rd8
34. Rb4 Ra5 35. Ke4 Bc5 36. Rb7 Ra4+ 37. Kf3 Kf8 38. f5 gxf5 39. gxf5 Bxa3 40.
e6 fxe6 41. fxe6 Rxd5 42. Rxd5 Ke8 43. Rdd7 1-0

[Event "44th Chess Olympiad Women 2022"]
[Site "Chennai"]
[Date "2022.08.01"]
[Round "4.8"]
[White "Munkhzul, Turmunkh"]
[Black "Nakhbayeva, Guliskhan"]
[Result "1/2-1/2"]
[WhiteElo "2277"]
[BlackElo "2329"]
[Annotator "RC"]
[PlyCount "165"]
[EventDate "2022.07.29"]
[EventType "team-tourn"]
[EventCountry "IND"]
[SourceTitle "playchess.com"]
[Source "ChessBase"]
[SourceQuality "1"]
[WhiteTeam "Mongolia"]
[BlackTeam "Kazakhstan"]
[WhiteTeamCountry "MGL"]
[BlackTeamCountry "KAZ"]

1. e4 e6 2. d4 d5 3. Nc3 Nf6 4. Bg5 Be7 5. e5 Nfd7 6. Bxe7 Qxe7 7. f4 a6 8. Nf3
c5 9. Qd2 Nc6 10. dxc5 Nxc5 11. Bd3 b5 12. O-O b4 13. Ne2 O-O 14. Qe3 h6 15.
Ned4 Nxd4 16. Nxd4 Nxd3 17. cxd3 Bd7 18. Rac1 Rfc8 19. Nb3 Bb5 20. Qd4 f6 21.
Qe3 fxe5 22. fxe5 d4 23. Qh3 Kh8 24. Kh1 Bc6 25. Nxd4 Bd5 26. Qg4 a5 27. Nf3
Bxa2 28. Ra1 Bd5 29. Rf2 Kg8 30. Raf1 Rf8 31. h3 a4 32. Rc1 a3 33. bxa3 bxa3
34. Rfc2 a2 35. Ra1 Rfc8 36. Rd2 Qa3 37. Rdd1 Rc2 38. Rg1 Rac8 39. Nd4 Rxg2 40.
Rxg2 Rc1+ 41. Kh2 Bxg2 42. Qxe6+ Kh7 43. Rxa2 Qf8 44. Qf5+ Qxf5 45. Nxf5 Bd5
46. Ra5 Rh1+ 47. Kg3 Be6 48. Nd4 Rxh3+ 49. Kf2 Bg4 50. e6 Kg6 51. e7 Bd7 52.
Ra8 Kf7 53. Nf5 Rf3+ 54. Kxf3 Bc6+ 55. Kf4 Bxa8 56. Nxg7 Kxe7 57. Nf5+ Ke6 58.
Nxh6 Bd5 59. Ng4 Bb3 60. Ke3 Bc2 61. d4 Kd5 62. Nf6+ Ke6 63. Nh5 Kd6 64. Nf4
Bb3 65. Kd2 Bf7 66. Kc3 Bg8 67. Ng6 Bd5 68. Ne5 Be6 69. Nf3 Bd5 70. Ng5 Kc6 71.
Kd3 Kd6 72. Ke3 Kc6 73. Kf4 Kd6 74. Ne4+ Bxe4 75. Kxe4 Ke6 76. d5+ Kd6 77. Kd4
Kd7 78. Ke5 Ke7 79. d6+ Kd7 80. Kd5 Kd8 81. Kc6 Kc8 82. d7+ Kd8 83. Kd6 1/2-1/2

[Event "44th Chess Olympiad Women 2022"]
[Site "Chennai"]
[Date "2022.08.01"]
[Round "4.8"]
[White "Enkhtuul, Altan-Ulzii"]
[Black "Assaubayeva, Bibisara"]
[Result "1/2-1/2"]
[WhiteElo "2267"]
[BlackElo "2436"]
[Annotator "RC"]
[PlyCount "56"]
[EventDate "2022.07.29"]
[EventType "team-tourn"]
[EventCountry "IND"]
[SourceTitle "playchess.com"]
[Source "ChessBase"]
[SourceQuality "1"]
[WhiteTeam "Mongolia"]
[BlackTeam "Kazakhstan"]
[WhiteTeamCountry "MGL"]
[BlackTeamCountry "KAZ"]

1. d4 Nf6 2. Bf4 d5 3. e3 e6 4. Nd2 c5 5. c3 Nc6 6. Ngf3 Be7 7. h3 Bd6 8. dxc5
Bxc5 9. Be2 Bd6 10. Bxd6 Qxd6 11. c4 d4 12. exd4 Nxd4 13. O-O O-O 14. Nb3 Nxe2+
15. Qxe2 b6 16. Rfd1 Qc7 17. Rac1 Bb7 18. Nbd4 Ne4 19. Nb5 Qf4 20. Qe3 Qf6 21.
Qd4 Qg6 22. Ne5 Qg5 23. Nf3 Qh5 24. b4 Qg6 25. Ne5 Qg5 26. Nf3 Qg6 27. Ne5 Qg5
28. Nf3 Qg6 1/2-1/2

[Event "44th Chess Olympiad Women 2022"]
[Site "Chennai"]
[Date "2022.08.01"]
[Round "4.9"]
[White "Vantika Agrawal"]
[Black "Narva, Mai"]
[Result "1-0"]
[WhiteElo "2371"]
[BlackElo "2385"]
[Annotator "RC"]
[PlyCount "85"]
[EventDate "2022.07.29"]
[EventType "team-tourn"]
[EventCountry "IND"]
[SourceTitle "playchess.com"]
[Source "ChessBase"]
[SourceQuality "1"]
[WhiteTeam "India"]
[BlackTeam "Estonia"]
[WhiteTeamCountry "IND"]
[BlackTeamCountry "EST"]

1. d4 Nf6 2. c4 e6 3. Nf3 c5 4. d5 b5 5. dxe6 fxe6 6. cxb5 d5 7. Nc3 Nbd7 8. e4
d4 9. Nb1 Bb7 10. Nbd2 Nxe4 11. Nxe4 Bxe4 12. Bc4 Qf6 13. O-O Bd6 14. Ng5 Bf5
15. Qh5+ g6 16. Qf3 O-O 17. g4 Ne5 18. Qh3 h5 19. gxf5 Nxc4 20. b3 Ne5 21. Ne4
Qe7 22. Bg5 Qc7 23. f4 Ng4 24. fxg6 Bxf4 25. Qxh5 Bxg5 26. Nxg5 Nf6 27. Qh6 Qg7
28. Qxg7+ Kxg7 29. Nxe6+ Kxg6 30. Nxf8+ Rxf8 31. Rae1 Rg8 32. Kh1 Kf7 33. Re5
Rg6 34. Rxc5 Ke7 35. Rc4 Rg4 36. Rc7+ Nd7 37. Rxa7 Kd6 38. b6 d3 39. b7 Kc6 40.
Rd1 Rd4 41. Ra4 Rd5 42. Rb4 Kc7 43. Rc1+ 1-0

[Event "44th Chess Olympiad Women 2022"]
[Site "Chennai"]
[Date "2022.08.01"]
[Round "4.9"]
[White "Soumya, Swaminathan"]
[Black "Sinitsina, Anastassia"]
[Result "1/2-1/2"]
[WhiteElo "2335"]
[BlackElo "2175"]
[Annotator "RC"]
[PlyCount "85"]
[EventDate "2022.07.29"]
[EventType "team-tourn"]
[EventCountry "IND"]
[SourceTitle "playchess.com"]
[Source "ChessBase"]
[SourceQuality "1"]
[WhiteTeam "India"]
[BlackTeam "Estonia"]
[WhiteTeamCountry "IND"]
[BlackTeamCountry "EST"]

1. e4 e5 2. Nf3 Nc6 3. Bb5 a6 4. Ba4 Nf6 5. O-O Nxe4 6. d4 b5 7. Bb3 d5 8. dxe5
Be6 9. c3 Bc5 10. Nbd2 O-O 11. Bc2 Nxf2 12. Rxf2 f6 13. Nf1 Bxf2+ 14. Kxf2 fxe5
15. Kg1 Qd6 16. Be3 Rad8 17. Qe1 Bf5 18. Bxf5 Rxf5 19. Rd1 h6 20. Bf2 Rff8 21.
Bg3 Rfe8 22. Qe2 Qc5+ 23. Qf2 Qxf2+ 24. Kxf2 d4 25. cxd4 e4 26. Rc1 Nb4 27. Ne1
Rxd4 28. Rxc7 Nxa2 29. Nc2 Rd3 30. Nfe3 Rf8+ 31. Ke1 Rf7 32. Rc8+ Kh7 33. Re8
Rb3 34. Nd1 Nc1 35. Kd2 Nd3 36. Nd4 Rb4 37. Ne6 Nxb2 38. Kc3 Nd3 39. Nf8+ Kg8
40. Ng6+ Kh7 41. Nf8+ Kg8 42. Ng6+ Kh7 43. Nf8+ 1/2-1/2

[Event "44th Chess Olympiad Women 2022"]
[Site "Chennai"]
[Date "2022.08.01"]
[Round "4.9"]
[White "Olde, Margareth"]
[Black "Padmini, Rout"]
[Result "1/2-1/2"]
[WhiteElo "2235"]
[BlackElo "2374"]
[Annotator "RC"]
[PlyCount "89"]
[EventDate "2022.07.29"]
[EventType "team-tourn"]
[EventCountry "IND"]
[SourceTitle "playchess.com"]
[Source "ChessBase"]
[SourceQuality "1"]
[WhiteTeam "Estonia"]
[BlackTeam "India"]
[WhiteTeamCountry "EST"]
[BlackTeamCountry "IND"]

1. d4 Nf6 2. c4 g6 3. Nc3 Bg7 4. e4 d6 5. Be3 O-O 6. Be2 e5 7. d5 Na6 8. g4 Nc5
9. f3 a5 10. h4 h5 11. g5 Nh7 12. Nh3 f6 13. Qd2 Bxh3 14. Rxh3 fxg5 15. hxg5
Rf4 16. Rg3 b6 17. O-O-O Qe7 18. Rdg1 Raf8 19. Nd1 Qd7 20. Nf2 R4f7 21. Kb1 Rf4
22. Qd1 Qf7 23. R3g2 Qd7 24. Rh2 Qe7 25. Nh3 R4f7 26. Rg3 Rf4 27. Rgg2 R4f7 28.
Rh1 Qd7 29. Ka1 Qe7 30. Qe1 Qd7 31. Kb1 Qe7 32. Rhh2 Qd7 33. Ng1 Rf4 34. Nh3
R4f7 35. Rg1 Qe7 36. Nf2 Rf4 37. Nh3 R4f7 38. Rhh1 Qd7 39. Qd1 Qe7 40. Rg2 Qd7
41. Rg3 Qe7 42. Qe1 Qd7 43. Ng1 Qe7 44. Nh3 Qd7 45. Qd1 1/2-1/2

[Event "44th Chess Olympiad Women 2022"]
[Site "Chennai"]
[Date "2022.08.01"]
[Round "4.9"]
[White "Blokhin, Sofia"]
[Black "Divya Deshmukh"]
[Result "1/2-1/2"]
[WhiteElo "1996"]
[BlackElo "2319"]
[Annotator "RC"]
[PlyCount "84"]
[EventDate "2022.07.29"]
[EventType "team-tourn"]
[EventCountry "IND"]
[SourceTitle "playchess.com"]
[Source "ChessBase"]
[SourceQuality "1"]
[WhiteTeam "Estonia"]
[BlackTeam "India"]
[WhiteTeamCountry "EST"]
[BlackTeamCountry "IND"]

1. e4 c5 2. Nf3 d6 3. d4 cxd4 4. Nxd4 Nf6 5. Nc3 Nc6 6. Be2 e5 7. Nb3 Be7 8.
O-O O-O 9. f4 a5 10. a4 Nb4 11. Be3 Be6 12. f5 Bxb3 13. cxb3 d5 14. exd5 Nfxd5
15. Nxd5 Nxd5 16. Bf2 e4 17. Kh1 Nb4 18. Bc4 Nd3 19. Qe2 Nxf2+ 20. Qxf2 Bg5 21.
Qe2 e3 22. f6 g6 23. Rad1 Qb6 24. Qf3 Rad8 25. Rde1 Rd2 26. Qg3 Qc5 27. Rc1 Kh8
28. Bb5 Qd5 29. Bc4 Qc5 30. Bb5 Qd5 31. Bc4 Bh4 32. Bxd5 Bxg3 33. hxg3 Rxd5 34.
Rfe1 Rd6 35. Rxe3 Rxf6 36. Rc7 b6 37. Rf3 Rxf3 38. gxf3 Rd8 39. Rc6 Rb8 40. b4
axb4 41. Rc4 Rd8 42. Rxb4 Rd6 1/2-1/2

[Event "44th Chess Olympiad Women 2022"]
[Site "Chennai"]
[Date "2022.08.01"]
[Round "4.10"]
[White "Ordaz Valdes, Lisandra Teresa"]
[Black "Cramling, Pia"]
[Result "1/2-1/2"]
[WhiteElo "2367"]
[BlackElo "2459"]
[Annotator "RC"]
[PlyCount "190"]
[EventDate "2022.07.29"]
[EventType "team-tourn"]
[EventCountry "IND"]
[SourceTitle "playchess.com"]
[Source "ChessBase"]
[SourceQuality "1"]
[WhiteTeam "Cuba"]
[BlackTeam "Sweden"]
[WhiteTeamCountry "CUB"]
[BlackTeamCountry "SWE"]

1. d4 Nf6 2. Nc3 d5 3. Bf4 c6 4. e3 Bf5 5. Nf3 e6 6. Bd3 Bxd3 7. Qxd3 Nbd7 8.
O-O Be7 9. e4 Nb6 10. a4 O-O 11. Rfd1 Re8 12. h3 h6 13. Ne5 Nfd7 14. Qg3 Bh4
15. Qg4 Nxe5 16. dxe5 Bg5 17. Bg3 Qc7 18. b3 Rad8 19. h4 Be7 20. Bf4 Bf8 21.
Qg3 Kh8 22. a5 Nc8 23. a6 b5 24. Qf3 Nb6 25. Ne2 dxe4 26. Qxe4 Nd5 27. Bg3 Nb4
28. Rd4 Rxd4 29. Nxd4 Rd8 30. c3 Nd5 31. c4 bxc4 32. bxc4 Nb4 33. Nc2 Nxc2 34.
Qxc2 Qb6 35. Qa2 Qd4 36. Rb1 Bc5 37. Rb7 Qe4 38. Kh2 Kg8 39. Qb3 Rd2 40. Rb8+
Kh7 41. Qb1 Qxb1 42. Rxb1 Kg6 43. Rb7 Ra2 44. h5+ Kxh5 45. Rxf7 Kg6 46. Rd7
Rxa6 47. Kh3 Ra3 48. Kh2 h5 49. Rc7 Ra6 50. Kh3 Rb6 51. Rxa7 Rb1 52. Ra2 Rh1+
53. Bh2 Bd4 54. Ra6 Bxf2 55. g3 Bd4 56. Rxc6 Kf5 57. Rc7 Bxe5 58. Rf7+ Bf6 59.
Ra7 Rc1 60. Ra5+ e5 61. Ra2 Rxc4 62. Re2 g5 63. Rf2+ Ke6 64. Ra2 Rc3 65. Kg2 g4
66. Bg1 Rd3 67. Bf2 Bg5 68. Ra6+ Kf5 69. Ra4 Rf3 70. Rb4 Bd2 71. Rb2 Bc3 72.
Re2 Bd4 73. Be1 e4 74. Ra2 Rb3 75. Ra4 Be5 76. Kf1 Rb2 77. Ra5 Rc2 78. Bf2 Ke6
79. Ra6+ Bd6 80. Ra5 h4 81. gxh4 g3 82. Be3 Rh2 83. h5 Be5 84. h6 Rh1+ 85. Kg2
Rh2+ 86. Kf1 Kf6 87. Rb5 Rh1+ 88. Kg2 Rh2+ 89. Kf1 Bf4 90. Bxf4 Rf2+ 91. Kg1
Rxf4 92. h7 Rh4 93. Kg2 Rxh7 94. Kxg3 Re7 95. Kf2 Re5 1/2-1/2

[Event "44th Chess Olympiad Women 2022"]
[Site "Chennai"]
[Date "2022.08.01"]
[Round "4.10"]
[White "Agrest, Inna"]
[Black "Miranda Llanes, Yerisbel"]
[Result "1-0"]
[WhiteElo "2217"]
[BlackElo "2347"]
[Annotator "RC"]
[PlyCount "87"]
[EventDate "2022.07.29"]
[EventType "team-tourn"]
[EventCountry "IND"]
[SourceTitle "playchess.com"]
[Source "ChessBase"]
[SourceQuality "1"]
[WhiteTeam "Sweden"]
[BlackTeam "Cuba"]
[WhiteTeamCountry "SWE"]
[BlackTeamCountry "CUB"]

1. e4 c6 2. d4 d5 3. e5 Bf5 4. g4 Be4 5. f3 Bg6 6. e6 Qd6 7. exf7+ Bxf7 8. Nh3
Nd7 9. Bf4 Qb4+ 10. c3 Qxb2 11. Bd3 e5 12. Bc1 Qb6 13. dxe5 Nxe5 14. Bf5 g6 15.
Qe2 Bg7 16. Be3 Qa6 17. Bc2 Qxe2+ 18. Kxe2 Ne7 19. Nd2 O-O 20. Ng5 Nc8 21. h4
Nd6 22. h5 Rfe8 23. Kf2 Ndc4 24. Nxc4 dxc4 25. Nxf7 Kxf7 26. Rad1 Rad8 27. Rxd8
Rxd8 28. Be4 Re8 29. Kg3 Nd7 30. g5 Be5+ 31. Kf2 Kg7 32. Rb1 b6 33. Bxc6 Re7
34. f4 Bxc3 35. Rc1 Nb8 36. h6+ Kf8 37. Bb5 a6 38. Bxc4 Ba5 39. Bb3 Nd7 40. Rc6
Nc5 41. Bxc5 bxc5 42. Rxa6 Be1+ 43. Kf3 Bd2 44. Rf6+ 1-0